| 000 | 01841cam a2200301 i 4500 | ||
|---|---|---|---|
| 942 | _cBK | ||
| 999 |
_c692 _d692 |
||
| 001 | 20350510 | ||
| 003 | OSt | ||
| 005 | 20250420134821.0 | ||
| 008 | 180207t20182018flu 001 0 eng c | ||
| 010 | _a 2017057101 | ||
| 020 |
_a9781138035096 _q(pbk. ; _qalk. paper) |
||
| 040 |
_aOU/DLC _beng _cKCST _erda _dDLC |
||
| 050 | 0 | 0 |
_aQC20.7.E4 _bN36 2018 |
| 082 | 0 | 0 |
_a530.0285536 _223 |
| 100 | 1 |
_aNapolitano, Jim, _eauthor. _95350 |
|
| 245 | 1 | 2 |
_aA Mathematica primer for physicists / _cJim Napolitano. |
| 260 | 1 |
_aBoca Raton : _bCRC Press, Taylor & Francis Group, _c[2018] |
|
| 300 |
_axiv, 200 pages ; _c23 cm. |
||
| 490 | 1 | _aTextbook series in physical sciences | |
| 500 | _aIncludes index. | ||
| 505 | 0 | _aSolving algebraic equations -- Derivatives, integrals, and series -- Differential equations: analytic solutions -- Differential equations: numerical solutions -- Vectors and matrices -- Basic data analysis -- Fitting data to models -- Numerical manipulations -- Random numbers -- Animation -- Advanced plotting and visualization. | |
| 520 |
_a"This book offers the most concise and approachable guide for quickly getting into Mathematica and using it for solving common problems. The author addresses a wide range of problems, including numerical calculations, animation, and visualization tools. Each chapter begins with simple commands, and then shows how to apply them. The goal is to give the essentials necessary for readers to get started, without getting bogged down in unnecessary details. The writing is clear and conversational, making it accessible and easy for the reader to follow"-- _cProvided by publisher. |
||
| 630 | 0 | 0 |
_aMathematica (Computer file) _vTextbooks. _95351 |
| 650 | 0 |
_aPhysics _xData processing _vTextbooks. _95352 |
|
| 830 | 0 |
_aTextbook series in physical sciences. _95353 |
|
| 942 | _2ddc | ||